Enriching reverse engineering with feature analysis /

Saved in:
Format: Book
Published: Bern : 2007.
LEADER 00325nam a22001097a 4500
003 AR-BeUNQ
005 20251027185342.0
999 |c 39670  |d 123470 
245 |a Enriching reverse engineering with feature analysis /  |c Orla Greevy 
260 |a Bern :  |c 2007. 
929 |a DONACION  |b Gabriela Arévalo  |e 20250508  |f PAT0084342  |g 3797  |l Caja 31   |o PR 
942 |c LIB